00989nam a2200265Ia 4500008004100000020001500041040001800056041000800074245009600082260008800178300001800266490011200284504003900396650003100435650001900466650004500485650003500530650003500565700002200600700002100622700001900643700001800662700002000680700002300700130821s2003 fr gr fre  a2713217903 aCo-BoUCMbspa00afre10aFigures de l'humainbles représentations de l'anthropologiecFrancis Affergan...[y otros] aParís (Francia)bEditions Ecole des hautes éótudes en sciences socialesc2003 a355 páginas aRecherches d'histoire et de sciences sociales =aStudies in history and the social sciencesx0249-5619v 98 aIncluye bibliografía e índice.04aAntropología simbólica04aAntropología04aCuerpo humanoxAspectos antropológicos04aCuerpo humanoxAtacama (chile)04aRepresentación (Filosofía)1 aAffergan, Francis1 aBorutti, Silvana1 aCalame, Claude1 aFabietti, Ugo1 aKilani, Mondher1 aRemotti, Francesco